| 000 | 00448pab a2200157 454500 | ||
|---|---|---|---|
| 008 | 180718b1987 xxu||||| |||| 00| 0 eng d | ||
| 100 | _aRao, K. Chittemma | ||
| 245 | _aDevelopment of Women and Children in Rural Areas (DWCRA) of Andhra Pradesh - a review | ||
| 260 | _c1987 | ||
| 300 | _a180-96 | ||
| 362 | _aMar. | ||
| 650 | _aWomen - India - Andhra Pradesh | ||
| 700 | _aV. Vimala | ||
| 773 | _aJournal of Rural Development | ||
| 909 | _a20959 | ||
| 999 |
_c20959 _d20959 |
||